1555 1242 1670 1152 1152 1475 1652 1373 1839 1855 1742 1871 1458 1102 1043 1931 1673 1066 1924 1444 1970 1777 1452 1314 1841 1149 1013 1538 1181 1771 1213 1823 1874 1227 1107 1874 1590 1699 1800 1331 1181 1222 1501 1666 1400 1907 1138 1499 1618 1809 1398 1802 1332 1029 1514 1772 1842 1890 1754 1025 1993 1767 1661 1142 1992 1003 1634 1377 1306 1098 1767 1515 1864 1952 1961 1771 1909 1083 1802 1849 1177 1183 1658 1778 1967 1785 1747 1343 1705 1227 1271 1618 1534 1750 1928 1130 1451 1917 1874 BCNSPRNW ULIB Ver.6.0+V

เปลี่ยนเป็นภาษาไทย

Change to English
 แสดงรายละเอียดบรรณานุกรม
  กลับหน้าหลัก

Brief Record : Get Marc (ISO 2709) : E-mail record : QR code < ปิดหน้าต่าง
LEADER : 00000nam 2200000uu 4500
001    13399113839
003     ULIB
008    120110s||||||||th 000 0 tha d
099    วจ.WS410^bศ463ส
100 0  ศิริพร พงษ์โภคา
245 00 สรุปการดำเนินงานโครงการเครือข่ายสร้างเสริมสุขภาพลดพฤติกรรมเสี่ยงต่อการคลอดก่อนกำหนดในสตรีตั้งครรภ์วัยรุ่น/^cศิริพร พงษ์โภคา,บุญศรี กิตติโชติพาณิชย์,สุดประนอม สมันตเวคิน,สุมิตตา สว่างทุกข์และสุภาวดี เครือโชติ
260    กรุงเทพฯ :^bสำนักงานหลักประกันสุขภาพแห่งชาติ,^c2553
300    88 หน้า :^bตาราง
500    รายงานการวิจัย
650  7 หลักธรรมาภิบาล^xวิจัย
650  7 พฤติกรรมการปฏิบัติงาน^xวิจัย
700 02 บุญศรี กิตติโชติพาณิชย์
700 02 สุดประนอม สมันตเวคิน
700 02 สุมิตตา สว่างทุกข์
700 02 สุภาวดี เครือโชติ
710 1  สำนักงานหลักประกันสุขภาพแห่งชาติ
945    ^p0^l0^i030909
995    ทศพร
999 ^a ทศพร
รายการนี้ยังไม่มีแท็ก
คุณยังไม่ได้ล็อกอิน คุณสามารถมีกิจกรรมร่วมกับเว็บไซต์ได้ แต่ต้องล็อกอินก่อน ::
  ล็อกอิน

รายการสื่อสารสนเทศ

ลำดับที่ ประเภท เลขเรียก/บาร์โค้ด สถานที่ สถานะ
1. งานวิจัย
งานวิจัย
วจ.WS410 ศ463ส ฉ.1 
  Barcode: 030909
ห้องสมุดวิทยาเขตสวรรค์ประชารักษ์
►วิจัย
บนชั้น

รายการใกล้เคียง
    ผู้แต่ง [ศิริพร พงษ์โภคา]

BibComment


ยังไม่เคยถูกคอมเมนท์

คอมเมนท์ทรัพยากรรายการนี้
  คอมเมนท์: สรุปการดำเนินงานโ..


 Copyright 2026. Bcnsprnw @Library